| 000 | 00609nam a2200181 a 4500 | ||
|---|---|---|---|
| 005 | 20210219160215.0 | ||
| 008 | 080925s1991 mx r 000 0 spa d | ||
| 035 | _aUPN01000160926 | ||
| 049 | _aUNE | ||
| 080 | _a37.014.1 (73) =20 "1991" AME | ||
| 245 | 0 | 0 | _aAmerica 2000 an education strategy; sourcebook. -- |
| 260 |
_aWashington, D.C. : _bDepartament of Education, _c1991 |
||
| 300 | _a80 p. | ||
| 690 | _aEstrategias de la educacion- Estados Unidos de America | ||
| 690 | _aPolitica educacional- Estados Unidos de America | ||
| 710 | 2 | _aEstados Unidos de América. Departament of | |
| 905 | _aUNESCO | ||
| 999 |
_c133039 _d133039 |
||